Characteristics and correlates of tribal fertility: a comparative study of selected tribes (Record no. 67319)

000 -LEADER
fixed length control field 00460pab a2200169 454500
008 - FIXED-LENGTH DATA ELEMENTS--GENERAL INFORMATION
fixed length control field 180718b2004 xxu||||| |||| 00| 0 eng d
100 ## - MAIN ENTRY--PERSONAL NAME
Personal name Bhagat, R.B.
245 ## - TITLE STATEMENT
Title Characteristics and correlates of tribal fertility: a comparative study of selected tribes
260 ## - PUBLICATION, DISTRIBUTION, ETC.
Date of publication, distribution, etc. 2004
300 ## - PHYSICAL DESCRIPTION
Extent p.295-310.
362 ## - DATES OF PUBLICATION AND/OR SEQUENTIAL DESIGNATION
Dates of publication and/or sequential designation Jul-Dec
650 ## - SUBJECT ADDED ENTRY--TOPICAL TERM
Topical term or geographic name entry element Tribes
650 ## - SUBJECT ADDED ENTRY--TOPICAL TERM
Topical term or geographic name entry element Fertility
700 ## - ADDED ENTRY--PERSONAL NAME
Personal name Chattopadhyay, Aparajita
773 ## - HOST ITEM ENTRY
Main entry heading Demography India
909 ## -
-- 67319
Holdings
Withdrawn status Lost status Damaged status Not for loan Permanent Location Current Location Date acquired Serial Enumeration / chronology Barcode Date last seen Price effective from Koha item type
        Indian Institute of Public Administration Indian Institute of Public Administration 2018-07-19 Volume no: 33, Issue no: 2 AR67775 2018-07-19 2018-07-19 Articles

Powered by Koha